000
00222nam a22000857a 4500
008
160921b xxu||||| |||| 00| 0 eng d
100
_9
699
_a
Gupta.K.etal.
245
_a
Lab- Biology-XI
260
_a
New Delhi
_b
AP Publications
_c
2011
999
_c
3356
_d
3356